NHL Players by Position and Ranking 2017-18 - Statistics

General Stats
  • This quiz has been taken 84 times
  • The average score is 153 of 495
Answer Stats
Team Position Ranking Answer % Correct
EDM Center 1 Connor McDavid
97%
PIT 3 Evgeni Malkin
88%
COL 4 Nathan MacKinnon
88%
PIT 6 Sidney Crosby
88%
TBL 7 Steven Stamkos
85%
WSH 2 Alex Ovechkin
82%
LAK 5 Anze Kopitar
82%
PHI 2 Claude Giroux
79%
OTT 6 Erik Karlsson
79%
VGK 11 William Karlsson
79%
NYI 9 John Tavares
76%
NYI 8 Mathew Barzal
76%
WSH 18 Nicklas Backstrom
76%
VGK 49 Malcolm Subban
73%
TBL Right Wing 1 Nikita Kucherov
73%
NSH 8 P.K. Subban
73%
DAL 12 Tyler Seguin
73%
TOR 29 Auston Matthews
70%
BOS 3 Brad Marchand
70%
BOS 6 David Pastrnak
70%
BUF 28 Jack Eichel
70%
DAL 6 Jamie Benn
70%
TBL 5 Victor Hedman
70%
FLA 13 Aleksander Barkov
67%
MTL 71 Carey Price
67%
MIN 14 Eric Staal
67%
SJS 23 Evander Kane
67%
WSH 10 Evgeny Kuznetsov
67%
CAR 65 Jordan Staal
67%
EDM 20 Leon Draisaitl
67%
TOR 22 Mitchell Marner
67%
BOS 30 Patrice Bergeron
67%
CHI 7 Patrick Kane
67%
VGK 28 Colin Miller
64%
SJS 87 Joe Thornton
64%
TBL 39 J.T. Miller
64%
VGK 14 Marc-Andre Fleury
64%
WPG 10 Patrik Laine
64%
PIT 2 Phil Kessel
64%
ANA 35 Ryan Getzlaf
64%
ANA 13 Ryan Miller
64%
TBL 23 Brayden Point
61%
DET 31 Dylan Larkin
61%
SJS 24 Joe Pavelski
61%
SJS 34 Martin Jones
61%
NSH 15 Pekka Rinne
61%
CBJ 10 Seth Jones
61%
NJD Left Wing 1 Taylor Hall
61%
BOS 76 Zdeno Chara
61%
NYI 12 Anders Lee
58%
WPG 3 Blake Wheeler
58%
BUF 82 Chad Johnson
58%
CHI 11 Corey Crawford
58%
OTT 72 Craig Anderson
58%
NSH 22 Craig Smith
58%
COL 71 Erik Johnson
58%
NYR 35 Henrik Lundqvist
58%
WSH Defensemen 1 John Carlson
58%
LAK 24 Jonathan Quick
58%
CHI 47 Jonathan Toews
58%
CBJ 52 Josh Anderson
58%
OTT 15 Mark Stone
58%
CGY 33 Mike Smith
58%
VGK 17 Reilly Smith
58%
BUF 33 Ryan O'Reilly
58%
CBJ 22 Sergei Bobrovsky
58%
TBL 51 Tyler Johnson
58%
STL 12 Vladimir Tarasenko
58%
OTT 94 Zack Smith
58%
WSH 58 Braden Holtby
55%
SJS 2 Brent Burns
55%
ANA 25 Corey Perry
55%
LAK 7 Drew Doughty
55%
CGY 4 Johnny Gaudreau
55%
VGK 17 Jonathan Marchessault
55%
PIT 17 Kris Letang
55%
WPG 36 Mark Scheifele
55%
PIT 60 Matt Murray
55%
TOR 59 Patrick Marleau
55%
BOS 31 Tuukka Rask
55%
FLA 31 Aaron Ekblad
52%
CHI 51 Anton Forsberg
52%
NJD 61 Cory Schneider
52%
NSH 10 Filip Forsberg
52%
DET 41 Henrik Zetterberg
52%
FLA 7 Jonathan Huberdeau
52%
CAR 13 Sebastian Aho
52%
TOR 34 William Nylander
52%
STL 13 Alex Pietrangelo
48%
CBJ 5 Artemi Panarin
48%
ARI 25 Clayton Keller
48%
VAN 21 Daniel Sedin
48%
CHI 53 Duncan Keith
48%
COL 13 Gabriel Landeskog
48%
VAN 52 Henrik Sedin
48%
MIN 81 Marcus Foligno
48%
CGY 26 Matthew Tkachuk
48%
DET 42 Mike Green
48%
CBJ 52 Nick Foligno
48%
ANA 21 Rickard Rakell
48%
WSH 42 Tom Wilson
48%
PHI 29 Wayne Simmonds
48%
TBL 27 Andrei Vasilevskiy
45%
NYI 52 Christopher Gibson
45%
STL 62 Jake Allen
45%
PIT 55 Jake Guentzel
45%
PHI 4 Jakub Voracek
45%
VGK 31 James Neal
45%
ANA 17 John Gibson
45%
ARI 30 Max Domi
45%
ARI 23 Oliver Ekman-Larsson
45%
FLA 12 Roberto Luongo
45%
NSH 14 Roman Josi
45%
CGY 26 Sean Monahan
45%
BOS 9 Torey Krug
45%
DET 26 Anthony Mantha
42%
ANA 48 Bobby Ryan
42%
BOS 50 Charlie McAvoy
42%
TOR 54 Connor Brown
42%
WPG 20 Connor Hellebuyck
42%
CAR 82 Derek Ryan
42%
LAK 16 Dustin Brown
42%
TOR 22 James Van Riemsdyk
42%
NYI 38 Jordan Eberle
42%
ANA 100 J.T. Brown
42%
SJS 32 Logan Couture
42%
NYR 58 Mika Zibanejad
42%
COL 5 Mikko Rantanen
42%
TBL 46 Ondrej Palat
42%
BUF 55 Robin Lehner
42%
EDM 54 Ryan Nugent-Hopkins
42%
MIN 18 Ryan Suter
42%
PHI 15 Sean Couturier
42%
WSH 27 T.J. Oshie
42%
DAL 32 Ben Bishop
39%
STL 19 Brayden Schenn
39%
NYI 88 Brock Nelson
39%
ANA 49 Cam Fowler
39%
NYR 39 Chris Kreider
39%
BOS 71 David Krejci
39%
CGY 21 Dougie Hamilton
39%
WPG 20 Dustin Byfuglien
39%
CAR 72 Elias Lindholm
39%
ANA 54 Hampus Lindholm
39%
DET 46 Jimmy Howard
39%
NSH 18 Juuse Saros
39%
CGY 32 Mark Giordano
39%
MIN 67 Mikko Koivu
39%
EDM 50 Milan Lucic
39%
TOR 15 Morgan Rielly
39%
TOR 42 Nazem Kadri
39%
WSH 21 Philipp Grubauer
39%
SJS 63 Tomas Hertl
39%
PHI 61 Travis Konecny
39%
MIN 74 Zach Parise
39%
LAK 70 Alec Martinez
36%
CHI 21 Alex DeBrincat
36%
MTL 24 Alex Galchenyuk
36%
VAN 70 Bo Horvat
36%
MTL 19 Brendan Gallagher
36%
PIT 38 Bryan Rust
36%
CAR 64 Cam Ward
36%
TOR 28 Frederik Andersen
36%
PHI 27 Ivan Provorov
36%
SJS 86 Joel Ward
36%
DAL 3 John Klingberg
36%
NYI 9 Josh Bailey
36%
CAR 23 Justin Williams
36%
WPG 17 Kyle Connor
36%
MTL 37 Max Pacioretty
36%
WPG 15 Nikolaj Ehlers
36%
TBL 61 Ryan McDonagh
36%
PHI 4 Shayne Gostisbehere
36%
FLA 16 Vincent Trocheck
36%
TBL 27 Yanni Gourde
36%
STL 29 Alexander Steen
33%
WPG 66 Brent Seabrook
33%
WPG 74 Bryan Little
33%
CBJ 28 Cam Atkinson
33%
PIT 23 Casey DeSmith
33%
EDM 68 Darnell Nurse
33%
BOS 46 David Backes
33%
CAR 25 Jeff Skinner
33%
OTT 37 Matt Duchene
33%
OTT 19 Mike Hoffman
33%
PHI 68 Petr Mrazek
33%
CBJ 57 Pierre-Luc Dubois
33%
BOS 47 Rick Nash
33%
BOS 76 Riley Nash
33%
NSH 43 Ryan Johansen
33%
VGK 89 Ryan Reaves
33%
BUF 49 Sam Reinhart
33%
PIT 54 Tristan Jarry
33%
TOR 79 Zach Hyman
33%
ARI 81 Adin Hill
30%
VGK 39 Alex Tuch
30%
ARI 10 Antti Raanta
30%
VAN 18 Brock Boeser
30%
EDM 57 Cam Talbot
30%
ARI 25 Darcy Kuemper
30%
MIN 29 Devan Dubnyk
30%
CBJ 98 Ian Cole
30%
LAK 19 Jack Campbell
30%
BOS 33 Jake DeBrusk
30%
NYI 53 Jaroslav Halak
30%
COL 38 Jonathan Bernier
30%
MTL 66 Jonathan Drouin
30%
CBJ 74 Joonas Korpisalo
30%
FLA 12 Keith Yandle
30%
NSH 27 Kevin Fiala
30%
NYR 82 Kevin Shattenkirk
30%
BUF 31 Kyle Okposo
30%
SJS 44 Marc-Edouard Vlasic
30%
NYR 20 Mats Zuccarello
30%
MIN 11 Mikael Granlund
30%
DET 65 Niklas Kronwall
30%
BUF 29 Rasmus Ristolainen
30%
VGK 60 Shea Theodore
30%
NYR 30 Alexandar Georgiev
27%
DAL 8 Alexander Radulov
27%
TBL 28 Alex Killorn
27%
NYI 64 Andrew Ladd
27%
CHI 79 Anthony Duclair
27%
BOS 39 Anton Khudobin
27%
STL 9 Carter Hutton
27%
ARI 40 Derek Stepan
27%
CAR 57 Jaccob Slavin
27%
FLA 41 James Reimer
27%
MIN 34 Jared Spurgeon
27%
MIN 9 Jason Zucker
27%
MTL 24 Jeff Petry
27%
NDJ 95 Jimmy Hayes
27%
CAR 56 Justin Faulk
27%
PIT 64 Justin Schultz
27%
NYR 69 Kevin Hayes
27%
NSH 48 Kyle Turris
27%
BUF 7 Linus Ullmark
27%
TBL 30 Mikhail Sergachev
27%
NJD 46 Nico Hischier
27%
NYR 47 Ondrej Pavelec
27%
NJD 32 Patrick Maroon
27%
TBL 87 Peter Budaj
27%
CAR 84 Scott Darling
27%
VAN 91 Thatcher Demko
27%
CBJ 18 Thomas Vanek
27%
SJS 41 Timo Meier
27%
TOR 75 Tyler Bozak
27%
LAK 60 Tyler Toffoli
27%
COL 11 Tyson Barrie
27%
ANA 50 Adam Henrique
24%
DET 51 Andreas Athanasiou
24%
WSH 71 Andre Burakovsky
24%
MTL 44 Antti Niemi
24%
CBJ 97 Boone Jenner
24%
NYR 74 Brady Skjei
24%
ANA 47 Brandon Montour
24%
CHI 42 Brandon Saad
24%
MIN 85 Charlie Coyle
24%
TBL 63 Chris Kunitz
24%
PIT 57 Conor Sheary
24%
VGK 8 David Perron
24%
LAK 69 Dion Phaneuf
24%
WSH 55 Dmitry Orlov
24%
FLA 14 Evgenii Dadonov
24%
DET 33 Gustav Nyquist
24%
VAN 43 Jacob Markstrom
24%
WPG 78 Jacob Trouba
24%
LAK 26 Jake Muzzin
24%
ANA 34 Jakob Silfverberg
24%
ANA 35 Josh Manson
24%
NJD 30 Kyle Palmieri
24%
VAN 80 Loui Eriksson
24%
OTT 61 Marian Gaborik
24%
MIN 19 Matt Dumba
24%
PHI 36 Michal Neuvirth
24%
NYI 25 Nick Leddy
24%
CHI 45 Nick Schmaltz
24%
VGK 4 Oscar Dansk
24%
BOS 24 Patric Hornqvist
24%
CHI 90 Patrick Sharp
24%
MTL 41 Paul Byron
24%
WPG 44 Paul Stastny
24%
NSH 48 Ryan Ellis
24%
EDM 92 Ryan Strome
24%
COL 83 Samuel Girard
24%
COL 26 Semyon Varlamov
24%
CAR 11 Teuvo Teravainen
24%
OTT 72 Thomas Chabot
24%
VGK 48 Tomas Tatar
24%
WPG 36 Tyler Myers
24%
NSH 14 Viktor Arvidsson
24%
CBJ 33 Zach Werenski
24%
LAK 38 Adrian Kempe
21%
VAN 41 Alexander Edler
21%
CBJ 90 Alexander Wennberg
21%
ARI 38 Alex Goligoski
21%
EDM 78 Al Montoya
21%
ANA 45 Andrew Cogliano
21%
WPG 95 Brandon Tanev
21%
SJS 87 Brenden Dillon
21%
PHI 50 Brian Elliott
21%
STL 39 Colton Parayko
21%
MTL 98 Daniel Carr
21%
OTT 86 Daniel Taylor
21%
VGK 20 Erik Haula
21%
STL 16 Jaden Schwartz
21%
CHI 73 Jeff Glass
21%
TOR 90 Kasperi Kapanen
21%
NJD 40 Keith Kinkaid
21%
WSH 81 Lars Eller
21%
EDM 85 Laurent Brossoit
21%
TBL 77 Louis Domingue
21%
NSH 40 Mattias Ekholm
21%
OTT 67 Mike Condon
21%
COL 73 Nail Yakupov
21%
CAR 45 Noah Hanifin
21%
NSH 51 Ryan Hartman
21%
NYI 46 Ryan Pulock
21%
NJD 52 Sami Vatanen
21%
ARI 79 Scott Wedgewood
21%
WPG 63 Steve Mason
21%
LAK 36 Tanner Pearson
21%
NYI 80 Thomas Greiss
21%
CGY 51 TJ Brodie
21%
NYR 56 Vladislav Namestnikov
21%
SJS 37 Aaron Dell
18%
COL 73 Alexander Kerfoot
18%
COL 6 Andrew Hammond
18%
MTL 63 Andrew Shaw
18%
TOR 93 Calvin Pickard
18%
MTL 60 Charles Hudon
18%
MTL 56 Charlie Lindgren
18%
ARI 84 Christian Dvorak
18%
CHI 83 Collin Delia
18%
TOR 8 Curtis McElhinney
18%
NJD 75 Damon Severson
18%
CGY 66 David Rittich
18%
DAL 63 Esa Lindell
18%
DET 94 Frans Nielsen
18%
TOR 16 Jake Gardiner
18%
WSH 67 Jakub Vrana
18%
SJS 50 Joonas Donskoi
18%
VAN 97 Jussi Jokinen
18%
DET 44 Justin Abdelkader
18%
SJS 43 Justin Braun
18%
DAL 42 Kari Lehtonen
18%
MTL 82 Logan Shaw
18%
WSH 58 Matt Niskanen
18%
VGK 92 Maxime Lagace
18%
WPG 59 Michael Hutchinson
18%
CGY 68 Mikael Backlund
18%
FLA 62 Mike Matheson
18%
FLA 53 Nick Bjugstad
18%
OTT 34 Ryan Dzingel
18%
NSH 75 Scott Hartnell
18%
PHI 95 Valtteri Filppula
18%
NJD 22 Will Butcher
18%
OTT 80 Alexandre Burrows
15%
PHI 65 Alex Lyon
15%
MIN 48 Alex Stalock
15%
VAN 69 Anders Nilsson
15%
NYI 86 Anthony Beauvillier
15%
MTL 88 Artturi Lehkonen
15%
SJS 79 Barclay Goodrow
15%
COL 49 Blake Comeau
15%
PHI 100 Brandon Manning
15%
DAL 78 Brett Ritchie
15%
NYI 69 Cal Clutterbuck
15%
PIT 56 Carl Hagelin
15%
ARI 45 Christian Fischer
15%
BOS 62 Danton Heinen
15%
DET 54 Darren Helm
15%
PIT 64 Derick Brassard
15%
WSH 75 Devante Smith-Pelly
15%
DAL 98 Devin Shore
15%
SJS 99 Dylan DeMelo
15%
VGK 95 Dylan Ferguson
15%
NJD 89 Eddie Lack
15%
WPG 88 Eric Comrie
15%
SJS 83 Jannik Hansen
15%
DET 90 Jared Coreau
15%
BUF 44 Jason Pominville
15%
NJD 43 Jesper Bratt
15%
NYR 47 Jesper Fast
15%
NYR 66 Jimmy Vesey
15%
WPG 80 Mathieu Perreault
15%
CGY 58 Michael Frolik
15%
CGY 35 Micheal Ferland
15%
NJD 53 Miles Wood
15%
VGK 37 Nate Schmidt
15%
ANA 68 Nick Ritchie
15%
MIN 49 Nino Niederreiter
15%
CBJ 35 Oliver Bjorkstrand
15%
EDM 93 Oscar Klefbom
15%
ARI 43 Richard Panik
15%
PIT 99 Riley Sheahan
15%
TBL 70 Ryan Callahan
15%
NYR 77 Ryan Spooner
15%
CHI Goaltender 1 Scott Foster
15%
DET 77 Tyler Bertuzzi
15%
DAL 96 Antoine Roussel
12%
BUF 93 Benoit Pouliot
12%
ARI 58 Brendan Perlini
12%
WSH 55 Brett Connolly
12%
NSH 89 Calle Jarnkrok
12%
NYI 74 Chris Wagner
12%
DAL 79 Dan Hamhuis
12%
VAN 88 Derrick Pouliot
12%
VGK 81 Deryk Engelland
12%
CHI 76 Jean-Francois Berube
12%
WPG 53 Joel Armia
12%
CHI 85 John Hayden
12%
CGY 75 Jon Gillies
12%
CHI 67 Josh Morrissey
12%
COL 78 J.T. Compher
12%
SJS 36 Kevin Labanc
12%
BUF 86 Marco Scandella
12%
DET 57 Martin Frk
12%
CBJ 76 Matt Calvert
12%
PHI 84 Michael Raffl
12%
DAL 70 Mike McKenna
12%
SJS 40 Mikkel Boedker
12%
COL 95 Nikita Zadorov
12%
PIT 59 Olli Maatta
12%
ANA 37 Onderj Kase
12%
VGK 99 Pierre-Edouard Bellemare
12%
DAL 93 Radek Faksa
12%
FLA 81 Radim Vrbata
12%
TOR 84 Ron Hainsey
12%
CBJ 83 Sonny Milano
12%
STL 77 Vince Dunn
12%
EDM 67 Zack Kassian
12%
BUF 3 Adam Wilcox
9%
WSH 68 Alex Chiasson
9%
NSH 92 Austin Watson
9%
NYR 94 Brandon Halverson
9%
CAR 59 Brock McGinn
9%
CGY 72 Chris Stewart
9%
SJS 78 Chris Tierney
9%
VAN 93 Darren Archibald
9%
VAN 91 Derek Dorsett
9%
EDM 91 Drake Caggiula
9%
NJD 76 Drew Stafford
9%
BUF 72 Evan Rodrigues
9%
CGY 84 Garnet Hathaway
9%
FLA 45 Harri Sateri
9%
FLA 62 Jamie McGinn
9%
CHI 97 Jan Rutta
9%
ARI 96 Jason Demers
9%
EDM 62 Jesse Puljujarvi
9%
MIN 91 Jonas Brodin
9%
ARI 88 Josh Archibald
9%
NJD 5 Ken Appleby
9%
ARI 89 Kevin Connauton
9%
CGY 97 Kris Versteeg
9%
STL 96 Kyle Brodziak
9%
CAR 94 Lee Stempniak
9%
DET 65 Luke Glendening
9%
ARI 2 Marek Langhamer
9%
CBJ 80 Markus Nutivaara
9%
DAL 91 Mattias Janmark
9%
COL 69 Matt Nieto
9%
EDM 65 Michael Cammalleri
9%
VAN 85 Michael Del Zotto
9%
NJD 40 Michael Grabner
9%
NYR 32 Pavel Buchnevich
9%
ANA 16 Reto Berra
9%
STL 66 Scottie Upshall
9%
COL 59 Sven Andrighetto
9%
MIN 85 Tyler Ennis
9%
STL 55 Vladimir Sobotka
9%
CHI 100 Artem Anisimov
6%
VAN 87 Brendan Leipsic
6%
NJD 70 Brian Gibbons
6%
COL 83 Carl Soderberg
6%
PHI 96 Dale Weise
6%
STL 71 Dmitrij Jaskin
6%
VAN 64 Jake Virtanen
6%
NYI 87 Joshua Ho-Sang
6%
EDM 89 Jujhar Khaira
6%
EDM 94 Kris Russell
6%
EDM 92 Matt Benning
6%
EDM 100 Pontus Aberg
6%
VAN 61 Sven Baertschi
6%
PIT 98 Tom Kuhnhackl
6%
OTT 86 Tom Pyatt
6%
CGY 60 Troy Brouwer
6%
PHI 90 Andrew MacDonald
3%
MIN 82 Daniel Winnik
3%
NSH 99 Miikka Salomaki
3%
VAN 77 Nikolay Goldobin
3%
NJD 56 Stefan Noesen
3%
NYO 73 Thomas Hickey
3%
EDM 92 Ty Rattie
3%
CHI 73 Vinnie Hinostroza
3%
No matching quizzes found
Score Distribution
Percent of People with Each Score
Percentile by Number Answered
Your Score History
You have not taken this quiz